000 00557nam a2200205Ia 4500
005 20241216011021.0
008 190212s9999||||xx |||||||||||||| ||und||
082 _a629.445
_bP86
100 _aPRIETO MENCHERO, SANTIAGO
245 0 _aLABORATORIO CLINICO
_bPRINCIPIOS GENERALES
250 _a0
260 _aESPAÑA
_bINTERAMERICANA
_c1993
300 _a566 pag
_c24 cm
341 _h187.63
490 _v0
_a0
541 _aC
_bLIBRERIA SAN CRISTOBAL
_d06-Nov-94
_oSoles
650 _aCIENCIAS APLICADAS
856 _zCiencias Aplicadas
942 _cLIBRO
999 _c30369
_d30369